Logo BPK

Biblioteka

Politechniki Koszalińskiej

Taschenbuch für Heizung und Klimatechnik / (Rekord nr 28850)

Szczegóły MARC
000 -ETYKIETA REKORDU
podpole kontrolne o stałej długości 00450nam a2200157 i 4500
001 - NUMER KONTROLNY REKORDU
pole kontrolne bg
040 ## - ŹRÓDŁO KATALOGOWANIA
Instytucja, która utworzyła rekord BPK
041 ## - KOD JĘZYKA
Kod języka tekstu pol
008 - POLE O STAŁEJ DŁUGOŚCI - DANE KONTROLNE
podpole kontrolne o stałej długości s pl f |000 0 pol
100 1# - NAZWA OSOBOWA
Nazwa osobowa Recknagel, Hermann
Daty związane z nazwą (1868-1919).
245 #0 - TYTUŁ/ODPOWIEDZIALNOŚĆ
Tytuł Taschenbuch für Heizung und Klimatechnik /
Pozostałe elementy strefy tytułu i oznaczenia odpowiedzialności H. Recknagel, E. Sprenger, W. Honmann.
260 ## - STREFA ADRESU WYDAWNICZEGO
Miejsce wydania Oldenbourg,
Data publikacji, dystrybucji/powstania dokumentu 1987.
700 1# - HASŁO DODATKOWE - NAZWA OSOBOWA
Nazwa osobowa Sprenger, Eberhard
Daty związane z nazwą (1904-1989).
700 1# - HASŁO DODATKOWE - NAZWA OSOBOWA
Nazwa osobowa Honmann, Winfried.
856 ## - LOKALIZACJA I DOSTĘP DO ELEKTRONICZNYCH DOKUMENTÓW ZDALNYCH
Link (URL) http://koha.tu.koszalin.pl/cgi-bin/koha/opac-detail.pl?biblionumber=28850
Tekst linku Katalog online BPK
942 ## - DODATKOWE ELEMENTY (KOHA)
Typ dokumentu Książka
Egzemplarze
Wycofany Status egzemplarza Uszkodzony Dostępność Lokalizacja stała Lokalizacja bieżąca Miejsce przechowywania Sygnatura Kod kreskowy Typ dokumentu
      Dostępny Biblioteka Politechniki Koszalińskiej Biblioteka Politechniki Koszalińskiej Wypożyczalnia BG 34769 01144307 Książka
© 2023 Biblioteka Politechniki Koszalińskiej :: KOHA